01388naa a2200157 a 450000100080000000500110000800800410001910000110006024501010007126000090017252008290018165300260101065300170103665300220105377301550107510860892012-07-18 1999 bl uuuu u00u1 u #d1 aEpagri aPrograma de Integra????o para a qualidade e produtividade do setor oriz??cola de Santa Catarina. c1999 aEm Santa Catarina o arroz irrigado ?? cultivado em 130 mil ha. a produtivida m??dia nos anos 1970 era de 2,5 t/ha passando para 7,0 t/ha na ??ltima safra (ICEPA, 1998). O aumento da produtividade foi devido a varios fatores como mudan??a no sistema de cultivo, lan??amento de cultivares de alta produtividade, melhoria na semente etc. Existem muitas tecnologias e muitas institui????es respons??veis pela melhoria na produtividade do arroz em SC. Todavia, os trabalhos vianham sendo realizados de maneira individual e desarticulada. O trabalho atual que vem sendo executado sob a coordena????o da Epagri e do Sindarroz, visa, basicamente, unir as for??as atuantes na orizicultura catarinense num trabalho conjunto e articulado, visando uniformizar as informa????es e recomenda????es buscando a melhoria em todos os sentidos. aAssist??ncia t??cnica aOryza sativa aRenda do produtor tIn: CONGRESSO DE ARROZ IRRIGADO, 1. REUNI??O DA CUTURA DO ARROZ IRRIGADO, 23., 1999, Pelotas, RS. [Anais...]. Pelotas, RS.: Embrapa, 1999. p. 656-658.